[Event "100th Ann. Silesian Chess"]
[Site "Katowice POL"]
[Date "2024.04.27"]
[Round "5.8"]
[White "Golubka, Petro"]
[Black "Adamczewski, Maciej"]
[Result "1-0"]
[WhiteElo "2398"]
[BlackElo "2069"]
[WhiteFideId "-1"]
[BlackFideId "-1"]
[PlyCount "75"]
[GameId "2130307544772340"]
[EventDate "2024.04.27"]
[EventType "swiss (rapid)"]
[EventRounds "11"]
[EventCountry "POL"]
[SourceTitle "10 Days #758"]
[Source "ChessMix "]
[SourceDate "2024.05.10"]
[SourceVersion "1"]
[SourceVersionDate "2024.05.10"]
[SourceQuality "1"]

1. e4 e6 2. d4 d5 3. e5 c5 4. c3 Nc6 5. Nf3 Bd7 6. Be2 f6 7. O-O Qc7 8. Re1 fxe5 9. Nxe5 Nxe5 10. dxe5 O-O-O 11. c4 Ne7 12. Nc3 Bc6 13. Bg4 dxc4 14. Bxe6+ Kb8 15. Qe2 Ng6 16. Bxc4 Be7 17. Nb5 Qa5 18. g3 Rhf8 19. f4 h5 20. Be3 h4 21. b4 Qxb4 22. Rab1 Qa5 23. Qg4 hxg3 24. Qxg6 gxh2+ 25. Kxh2 Rd2+ 26. Kg1 Rh8 27. Qxc6 bxc6 28. Nc3+ Ka8 29. Bxd2 Qd8 30. Be3 Qd7 31. e6 Qe8 32. Bf1 Qh5 33. Bg2 Qh2+ 34. Kf1 Rc8 35. Nd5 Bh4 36. e7 Qxg2+ 37. Kxg2 cxd5 38. Bf2 1-0

[Event "100th Ann. Silesian Chess"]
[Site "Katowice POL"]
[Date "2024.04.27"]
[Round "6.2"]
[White "Golubka, Petro"]
[Black "Piorun, Kacper"]
[Result "1/2-1/2"]
[WhiteElo "2398"]
[BlackElo "2599"]
[WhiteFideId "-1"]
[BlackFideId "-1"]
[PlyCount "159"]
[GameId "2130307544776466"]
[EventDate "2024.04.27"]
[EventType "swiss (rapid)"]
[EventRounds "11"]
[EventCountry "POL"]
[SourceTitle "10 Days #758"]
[Source "ChessMix "]
[SourceDate "2024.05.10"]
[SourceVersion "1"]
[SourceVersionDate "2024.05.10"]
[SourceQuality "1"]

1. e4 e6 2. d4 d5 3. e5 Bd7 4. Nf3 a6 5. a4 c5 6. c3 Nc6 7. dxc5 Bxc5 8. b4 Bb6 9. Bd3 Bc7 10. Bf4 h6 11. h4 Nge7 12. Qe2 Qb8 13. g3 f6 14. exf6 gxf6 15. Bxc7 Qxc7 16. O-O e5 17. b5 axb5 18. Bxb5 Bg4 19. Nbd2 e4 20. Nxe4 dxe4 21. Qxe4 Bf5 22. Qe3 Kf7 23. Nd4 Nxd4 24. cxd4 Kg7 25. Rfe1 Nc6 26. d5 Ne5 27. Rac1 Qd6 28. f4 Nf7 29. Qe7 Qxd5 30. Rc7 Rhf8 31. Rxb7 Rac8 32. Rb6 Qd4+ 33. Qe3 Rfd8 34. Rb7 Qxe3+ 35. Rxe3 Kf8 36. a5 Nd6 37. Rb6 Rb8 38. Be2 Rxb6 39. axb6 Rb8 40. Rb3 Nc8 41. b7 Nd6 42. g4 Be4 43. Ba6 Ke7 44. g5 h5 45. Rb6 f5 46. g6 Bxb7 47. g7 Rg8 48. Bxb7 Rxg7+ 49. Kf2 Rg4 50. Bf3 Rxf4 51. Kg3 Ra4 52. Bxh5 Nc4 53. Rb8 Ne5 54. Rb7+ Ke6 55. Rb6+ Ke7 56. Rb7+ Kf6 57. Rb6+ Kg7 58. Rb5 f4+ 59. Kg2 Ra2+ 60. Kh3 Ra3+ 61. Kh2 Kf6 62. Kg2 Ra2+ 63. Kh3 Ra3+ 64. Kg2 Rg3+ 65. Kh2 Kf5 66. Ra5 Re3 67. Kg2 Ke4 68. Ra4+ Kf5 69. Ra5 Rg3+ 70. Kh2 Rg7 71. Kh3 Ke4 72. Ra4+ Ke3 73. Ra3+ Ke4 74. Ra4+ Kf5 75. Ra5 Rc7 76. Bg4+ Ke4 77. Ra4+ Ke3 78. Ra3+ Ke4 79. Ra4+ Ke3 80. Ra3+ 1/2-1/2

[Event "100th Ann. Silesian Chess"]
[Site "Katowice POL"]
[Date "2024.04.28"]
[Round "7.2"]
[White "Wojtaszek, Radoslaw"]
[Black "Golubka, Petro"]
[Result "1/2-1/2"]
[WhiteElo "2671"]
[BlackElo "2398"]
[WhiteFideId "-1"]
[BlackFideId "-1"]
[PlyCount "100"]
[GameId "2130307544776502"]
[EventDate "2024.04.27"]
[EventType "swiss (rapid)"]
[EventRounds "11"]
[EventCountry "POL"]
[SourceTitle "10 Days #758"]
[Source "ChessMix "]
[SourceDate "2024.05.10"]
[SourceVersion "1"]
[SourceVersionDate "2024.05.10"]
[SourceQuality "1"]

1. d4 d5 2. c4 c5 3. cxd5 Qxd5 4. e3 e6 5. Nc3 Qd8 6. Nf3 Nf6 7. Bd3 Nc6 8. O-O a6 9. a3 cxd4 10. exd4 Be7 11. Bc2 b5 12. Qd3 Bb7 13. Re1 b4 14. Na4 bxa3 15. bxa3 Na5 16. Rb1 Bxf3 17. Qxf3 O-O 18. Qd3 Nc6 19. Rd1 g6 20. Nc3 Qa5 21. Bd2 Qxa3 22. Ba4 Nb4 23. Qf3 Nbd5 24. Bb3 Qd6 25. Bh6 Rfc8 26. Na4 Rab8 27. h4 a5 28. Nc5 Rb4 29. Bg5 Rc7 30. Rbc1 Qb6 31. Bxd5 Nxd5 32. Bxe7 Rxe7 33. h5 Kg7 34. Qg3 Qb8 35. Qa3 gxh5 36. Na6 Qf4 37. Nxb4 axb4 38. Qd3 h4 39. Re1 Qg5 40. Rc5 Rb7 41. Re5 Qxg2+ 42. Kxg2 Nf4+ 43. Kf3 Nxd3 44. Rg5+ Kf6 45. Rb5 h6 46. Rh5 Rxb5 47. Rxb5 h3 48. Kg3 h2 49. Kxh2 Nxf2 50. Rxb4 Kf5 1/2-1/2

[Event "100th Ann. Silesian Chess"]
[Site "Katowice POL"]
[Date "2024.04.28"]
[Round "8.5"]
[White "Niedbala, Bartlomiej"]
[Black "Golubka, Petro"]
[Result "1/2-1/2"]
[WhiteElo "2389"]
[BlackElo "2398"]
[WhiteFideId "-1"]
[BlackFideId "-1"]
[PlyCount "67"]
[GameId "2130307544780637"]
[EventDate "2024.04.27"]
[EventType "swiss (rapid)"]
[EventRounds "11"]
[EventCountry "POL"]
[SourceTitle "10 Days #758"]
[Source "ChessMix "]
[SourceDate "2024.05.10"]
[SourceVersion "1"]
[SourceVersionDate "2024.05.10"]
[SourceQuality "1"]

1. e4 e6 2. d4 d5 3. Nc3 Bb4 4. e5 b6 5. h4 h5 6. Nf3 Ba6 7. Bxa6 Nxa6 8. Qd3 Qc8 9. a3 Be7 10. Ne2 c5 11. c3 Nc7 12. Bg5 Qd7 13. Qd2 Nh6 14. Bxh6 Rxh6 15. g3 Rh8 16. Nf4 O-O-O 17. Kf1 Kb7 18. Kg2 c4 19. a4 Na6 20. Qe2 Nb8 21. Nd2 g6 22. Nh3 Rc8 23. Rhc1 Nc6 24. Qf3 Rhf8 25. Qe2 Na5 26. f4 a6 27. Nf2 Bd8 28. Rcb1 Ka7 29. Nd1 Be7 30. Ne3 Rc7 31. Kh3 Rh8 32. Kg2 Qc8 33. Rh1 Qd7 34. Rhb1 1/2-1/2

[Event "100th Ann. Silesian Chess"]
[Site "Katowice POL"]
[Date "2024.04.28"]
[Round "9.8"]
[White "Golubka, Petro"]
[Black "Raczek, Krzysztof"]
[Result "1-0"]
[WhiteElo "2398"]
[BlackElo "2325"]
[WhiteFideId "-1"]
[BlackFideId "-1"]
[PlyCount "107"]
[GameId "2130307544780676"]
[EventDate "2024.04.27"]
[EventType "swiss (rapid)"]
[EventRounds "11"]
[EventCountry "POL"]
[SourceTitle "10 Days #758"]
[Source "ChessMix "]
[SourceDate "2024.05.10"]
[SourceVersion "1"]
[SourceVersionDate "2024.05.10"]
[SourceQuality "1"]

1. d4 d5 2. Bg5 Nf6 3. Nd2 g6 4. Ngf3 Bg7 5. e3 c5 6. c3 cxd4 7. exd4 Nc6 8. Be2 O-O 9. O-O Bf5 10. Nb3 Ne4 11. Be3 Qc7 12. Re1 Rfe8 13. a4 Rad8 14. a5 a6 15. g3 h6 16. Nfd2 Nd6 17. Bf4 Qc8 18. h4 Nc4 19. Qc1 e5 20. Bxc4 dxc4 21. Nxc4 Be6 22. Nb6 Qb8 23. d5 exf4 24. dxe6 fxg3 25. f4 fxe6 26. Qe3 Ne7 27. Qxg3 Nf5 28. Qxg6 Qxf4 29. Ra4 Qd6 30. Rae4 Kh8 31. Nc4 Qd5 32. Kh2 Nd6 33. Nxd6 Qxd6+ 34. Qg3 Qd5 35. Nd4 Rg8 36. Nxe6 Bf8 37. Qe5+ Qxe5+ 38. Rxe5 Bd6 39. Nxd8 Rxd8 40. Kh3 Bxe5 41. Rxe5 Rd7 42. Kg4 Rf7 43. Re6 Kg7 44. Rb6 Rd7 45. b4 Rf7 46. Kh5 Rf5+ 47. Kg4 Rf7 48. c4 Rd7 49. Kf5 Re7 50. h5 Kh7 51. c5 Rg7 52. Kf6 Rc7 53. Re6 Kg8 54. Re8+ 1-0

[Event "100th Ann. Silesian Chess"]
[Site "Katowice POL"]
[Date "2024.04.28"]
[Round "10.3"]
[White "Czarnota, Pawel"]
[Black "Golubka, Petro"]
[Result "1-0"]
[WhiteElo "2501"]
[BlackElo "2398"]
[WhiteFideId "-1"]
[BlackFideId "-1"]
[PlyCount "87"]
[GameId "2130307544780707"]
[EventDate "2024.04.27"]
[EventType "swiss (rapid)"]
[EventRounds "11"]
[EventCountry "POL"]
[SourceTitle "10 Days #758"]
[Source "ChessMix "]
[SourceDate "2024.05.10"]
[SourceVersion "1"]
[SourceVersionDate "2024.05.10"]
[SourceQuality "1"]

1. Nf3 e6 2. c4 g5 3. h3 Bg7 4. d4 h6 5. Nc3 d5 6. e4 dxe4 7. Nxe4 Ne7 8. Ng3 Nbc6 9. Be3 Nf5 10. Nxf5 exf5 11. d5 Ne5 12. Nxe5 Bxe5 13. Bd4 Qe7 14. Bxe5 Qxe5+ 15. Qe2 Qxe2+ 16. Bxe2 b6 17. Kd2 Ke7 18. Rhe1 Kd6 19. Kc3 a5 20. b3 Bd7 21. a3 Rhe8 22. Bh5 Re7 23. Rxe7 Kxe7 24. Re1+ Kf6 25. Bd1 f4 26. Bg4 Be8 27. b4 axb4+ 28. axb4 Ra3+ 29. Kb2 Ra8 30. b5 Rd8 31. Kc3 Bd7 32. Bxd7 Rxd7 33. Kd4 Rd8 34. c5 bxc5+ 35. Kxc5 Rd6 36. f3 h5 37. Re8 h4 38. Rc8 Rd7 39. Kc6 Rd6+ 40. Kxc7 Rxd5 41. b6 Rc5+ 42. Kd7 Rb5 43. Kc6 Rb2 44. b7 1-0

[Event "100th Ann. Silesian Chess"]
[Site "Katowice POL"]
[Date "2024.04.28"]
[Round "11.10"]
[White "Golubka, Petro"]
[Black "Baum, Jonasz"]
[Result "0-1"]
[WhiteElo "2398"]
[BlackElo "2404"]
[WhiteFideId "-1"]
[BlackFideId "-1"]
[PlyCount "114"]
[GameId "2130307544784846"]
[EventDate "2024.04.27"]
[EventType "swiss (rapid)"]
[EventRounds "11"]
[EventCountry "POL"]
[SourceTitle "10 Days #758"]
[Source "ChessMix "]
[SourceDate "2024.05.10"]
[SourceVersion "1"]
[SourceVersionDate "2024.05.10"]
[SourceQuality "1"]

1. e4 e5 2. Bc4 Nf6 3. d3 Bc5 4. Nc3 c6 5. Bb3 d6 6. h3 O-O 7. g4 Be6 8. f4 exf4 9. Bxf4 Bxb3 10. axb3 d5 11. g5 Nfd7 12. Qf3 Na6 13. Nge2 Nb4 14. Kd2 dxe4 15. Nxe4 Nd5 16. h4 f5 17. Nxc5 Nxc5 18. Kc1 a5 19. Nc3 Nb4 20. Rd1 Ne6 21. Be5 Nd4 22. Bxd4 Qxd4 23. h5 b6 24. Ne2 Qg4 25. Qxg4 fxg4 26. c3 Nd5 27. Ra4 Rf5 28. Rg1 Rxg5 29. Raxg4 Rxg4 30. Rxg4 Nf6 31. Rg5 h6 32. Re5 Kf7 33. Nf4 Re8 34. d4 Rxe5 35. dxe5 Nd5 36. Ng6 Ne7 37. Nf4 g6 38. Kd2 gxh5 39. Nxh5 Ke6 40. Nf6 Nf5 41. b4 axb4 42. cxb4 b5 43. Kd3 Kxe5 44. Nd7+ Kd6 45. Nf6 Ng7 46. Ke4 h5 47. Kf4 h4 48. Kg4 Ke6 49. Ne4 Kd5 50. Nc5 Kc4 51. Na6 Nf5 52. Nb8 Nd4 53. Kxh4 Kxb4 54. Kg4 Kb3 55. Kf4 Kxb2 56. Ke4 Kc3 57. Na6 Kc4 0-1

[Event "Candidates Blitz"]
[Site "Toronto CAN"]
[Date "2024.04.08"]
[Round "1.7"]
[White "Bergeron, Matthew"]
[Black "Golubka, Petro"]
[Result "0-1"]
[WhiteElo "1804"]
[BlackElo "2398"]
[WhiteFideId "-1"]
[BlackFideId "-1"]
[PlyCount "92"]
[GameId "2160767905997795"]
[EventDate "2024.04.08"]
[EventType "swiss (blitz)"]
[EventRounds "9"]
[EventCountry "CAN"]
[SourceTitle "10 Days #756"]
[Source "ChessMix "]
[SourceDate "2024.04.20"]
[SourceVersion "1"]
[SourceVersionDate "2024.04.20"]
[SourceQuality "1"]

1. e4 e6 2. d4 d5 3. Nc3 Nf6 4. e5 Nfd7 5. f4 c5 6. Nf3 Nc6 7. Be3 a6 8. a3 b6 9. Ne2 g6 10. c3 Be7 11. h4 h5 12. Kf2 a5 13. a4 Ba6 14. Nc1 Bxf1 15. Kxf1 Qb8 16. Qd3 Qb7 17. Ng5 Nf8 18. Ne2 c4 19. Qc2 b5 20. axb5 Qxb5 21. Kf2 a4 22. Rhb1 Qb3 23. Qd2 Ra7 24. g3 Nd7 25. Nc1 Qb5 26. Qc2 Nb6 27. Kg2 Rg8 28. Qe2 Rh8 29. Qc2 Bxg5 30. fxg5 Ne7 31. Na2 Nf5 32. Bf2 Kd7 33. Nb4 Rha8 34. Ra3 Nc8 35. Qe2 Qb7 36. g4 hxg4 37. Qxg4 Nce7 38. Rh1 Nc6 39. Bg1 Nxb4 40. cxb4 Qxb4 41. Qe2 Rb7 42. Ra2 Qb3 43. Ra3 Qxb2 44. Qxb2 Rxb2+ 45. Kf3 Rb3+ 46. Rxb3 cxb3 0-1

[Event "Candidates Blitz"]
[Site "Toronto CAN"]
[Date "2024.04.08"]
[Round "2.7"]
[White "Golubka, Petro"]
[Black "Siddeley, Hugh"]
[Result "1-0"]
[WhiteElo "2398"]
[BlackElo "1900"]
[WhiteFideId "-1"]
[BlackFideId "-1"]
[PlyCount "67"]
[GameId "2160767905997807"]
[EventDate "2024.04.08"]
[EventType "swiss (blitz)"]
[EventRounds "9"]
[EventCountry "CAN"]
[SourceTitle "10 Days #756"]
[Source "ChessMix "]
[SourceDate "2024.04.20"]
[SourceVersion "1"]
[SourceVersionDate "2024.04.20"]
[SourceQuality "1"]

1. e4 c5 2. c3 g6 3. f4 Bg7 4. Nf3 d5 5. d3 dxe4 6. dxe4 Qxd1+ 7. Kxd1 Nf6 8. Bb5+ Bd7 9. Bxd7+ Nbxd7 10. e5 Nd5 11. Na3 a6 12. g3 f6 13. exf6 exf6 14. Re1+ Kf7 15. Nc4 Bf8 16. a4 b6 17. Kc2 Be7 18. Rd1 Ke6 19. Re1+ Kf7 20. Rd1 Ke6 21. f5+ gxf5 22. Re1+ Kf7 23. Nh4 Rhd8 24. Nxf5 Bf8 25. Bf4 Nxf4 26. gxf4 Rab8 27. Rad1 b5 28. axb5 axb5 29. Ncd6+ Bxd6 30. Rxd6 Nf8 31. h4 Rxd6 32. Nxd6+ Kg6 33. f5+ Kh5 34. Re4 1-0

[Event "Candidates Blitz"]
[Site "Toronto CAN"]
[Date "2024.04.08"]
[Round "3.6"]
[White "Jaferian, Koosha"]
[Black "Golubka, Petro"]
[Result "0-1"]
[WhiteElo "2234"]
[BlackElo "2398"]
[WhiteFideId "-1"]
[BlackFideId "-1"]
[PlyCount "70"]
[GameId "2160767905997818"]
[EventDate "2024.04.08"]
[EventType "swiss (blitz)"]
[EventRounds "9"]
[EventCountry "CAN"]
[SourceTitle "10 Days #756"]
[Source "ChessMix "]
[SourceDate "2024.04.20"]
[SourceVersion "1"]
[SourceVersionDate "2024.04.20"]
[SourceQuality "1"]

1. e4 e6 2. d4 d5 3. Bd3 Nc6 4. c3 e5 5. Nf3 exd4 6. O-O Nf6 7. e5 Ne4 8. cxd4 Be7 9. Nc3 Bf5 10. Qe2 Nxc3 11. bxc3 Bxd3 12. Qxd3 Qd7 13. Rb1 b6 14. Re1 Nd8 15. Bg5 Ne6 16. Bxe7 Qxe7 17. c4 Rd8 18. Rbc1 c5 19. cxd5 Rxd5 20. Qb5+ Qd7 21. Qxd7+ Kxd7 22. dxc5 bxc5 23. Rc4 Rb8 24. Rec1 Rb4 25. Kf1 a5 26. Ke2 Kc6 27. a3 Nf4+ 28. Ke3 Nxg2+ 29. Ke4 Rxc4+ 30. Rxc4 Rd1 31. Ng5 Kb5 32. Rc2 Re1+ 33. Kd5 Rd1+ 34. Ke4 Rd4+ 35. Kf3 Ne1+ 0-1

[Event "Candidates Blitz"]
[Site "Toronto CAN"]
[Date "2024.04.08"]
[Round "4.4"]
[White "Golubka, Petro"]
[Black "Ivanov, Mike"]
[Result "1-0"]
[WhiteElo "2398"]
[BlackElo "2355"]
[WhiteFideId "-1"]
[BlackFideId "-1"]
[PlyCount "52"]
[GameId "2160767905997828"]
[EventDate "2024.04.08"]
[EventType "swiss (blitz)"]
[EventRounds "9"]
[EventCountry "CAN"]
[SourceTitle "10 Days #756"]
[Source "ChessMix "]
[SourceDate "2024.04.20"]
[SourceVersion "1"]
[SourceVersionDate "2024.04.20"]
[SourceQuality "1"]

1. e4 d5 2. exd5 Nf6 3. Bb5+ Nbd7 4. d4 g6 5. Nf3 Bg7 6. O-O O-O 7. c4 Nb6 8. Qb3 a6 9. Ba4 Nxa4 10. Qxa4 b5 11. cxb5 Nxd5 12. Re1 Bd7 13. Qb3 Bxb5 14. Nc3 Nxc3 15. bxc3 Rb8 16. Ba3 Re8 17. Ne5 e6 18. Qc2 Bxe5 19. Rxe5 Bc6 20. Qd2 Rb5 21. Bc5 Qf6 22. Qe3 Reb8 23. h3 Rb1+ 24. Rxb1 Rxb1+ 25. Kh2 Bd5 26. Rxd5 h5 1-0

[Event "Candidates Blitz"]
[Site "Toronto CAN"]
[Date "2024.04.08"]
[Round "5.2"]
[White "Cheparinov, Ivan"]
[Black "Golubka, Petro"]
[Result "1-0"]
[WhiteElo "2638"]
[BlackElo "2398"]
[WhiteFideId "-1"]
[BlackFideId "-1"]
[PlyCount "104"]
[GameId "2160767905997838"]
[EventDate "2024.04.08"]
[EventType "swiss (blitz)"]
[EventRounds "9"]
[EventCountry "CAN"]
[SourceTitle "10 Days #756"]
[Source "ChessMix "]
[SourceDate "2024.04.20"]
[SourceVersion "1"]
[SourceVersionDate "2024.04.20"]
[SourceQuality "1"]

1. e4 e6 2. d4 d5 3. e5 c5 4. c3 Bd7 5. Nf3 a6 6. Bd3 Bb5 7. Bxb5+ axb5 8. dxc5 Bxc5 9. b4 Bb6 10. Qd3 Qd7 11. Na3 Ne7 12. Nxb5 O-O 13. a4 Nbc6 14. O-O Ng6 15. Re1 Bc7 16. Nxc7 Qxc7 17. Qe3 Rfc8 18. Bd2 b6 19. h4 Nge7 20. Qd3 Ng6 21. Qe2 h6 22. h5 Nge7 23. Qd3 Ra7 24. Qb5 Rca8 25. Be3 Ra6 26. Bf4 Qa7 27. Rec1 d4 28. cxd4 Rxa4 29. Rab1 Nxb4 30. Rxb4 Ra1 31. Rxa1 Qxa1+ 32. Rb1 Qa2 33. Qb3 Qa5 34. Bd2 Qa7 35. Qxb6 Qd7 36. Qd6 Qe8 37. Kh2 Nd5 38. Rc1 Rd8 39. Qc6 Qe7 40. Qa6 Qd7 41. Qc4 Rb8 42. Qc2 Qe8 43. Rb1 Rc8 44. Qe4 Qc6 45. Qd3 Qe8 46. Rb5 Ne7 47. Rc5 Rd8 48. Qc4 Nd5 49. Ba5 Ra8 50. Nd2 Nf4 51. Ne4 f5 52. exf6 Qd8 1-0

[Event "Candidates Blitz"]
[Site "Toronto CAN"]
[Date "2024.04.08"]
[Round "7.10"]
[White "Plotkin, Mark"]
[Black "Golubka, Petro"]
[Result "0-1"]
[WhiteElo "2344"]
[BlackElo "2398"]
[WhiteFideId "-1"]
[BlackFideId "-1"]
[PlyCount "78"]
[GameId "2160767906006062"]
[EventDate "2024.04.08"]
[EventType "swiss (blitz)"]
[EventRounds "9"]
[EventCountry "CAN"]
[SourceTitle "10 Days #756"]
[Source "ChessMix "]
[SourceDate "2024.04.20"]
[SourceVersion "1"]
[SourceVersionDate "2024.04.20"]
[SourceQuality "1"]

1. e4 e6 2. d4 d5 3. Nc3 Bb4 4. e5 b6 5. h4 h5 6. Be2 Ba6 7. Bd2 Bxe2 8. Ncxe2 Bxd2+ 9. Qxd2 Nh6 10. Ng3 g6 11. Qg5 c5 12. Nf3 Nc6 13. dxc5 bxc5 14. Qxd8+ Rxd8 15. O-O Ng4 16. Rfe1 Ke7 17. c3 a5 18. b3 Rd7 19. Re2 Rb8 20. Rae1 a4 21. bxa4 Ra7 22. c4 Rxa4 23. cxd5 exd5 24. Rc2 c4 25. Ne2 Nb4 26. Rb2 Rxa2 27. Reb1 Rxb2 28. Rxb2 Nc6 29. Rxb8 Nxb8 30. Ned4 Kd7 31. Ng5 Nxe5 32. f4 Nbc6 33. Nb5 f6 34. Nh7 Ng4 35. Kf1 Ke7 36. Nc3 Nb4 37. Ke2 d4 38. Ne4 c3 39. Nc5 Kf7 0-1

[Event "Candidates Blitz"]
[Site "Toronto CAN"]
[Date "2024.04.08"]
[Round "8.6"]
[White "Golubka, Petro"]
[Black "Zomorrodian, Eilia"]
[Result "1-0"]
[WhiteElo "2398"]
[BlackElo "2115"]
[WhiteFideId "-1"]
[BlackFideId "-1"]
[PlyCount "73"]
[GameId "2160767906006070"]
[EventDate "2024.04.08"]
[EventType "swiss (blitz)"]
[EventRounds "9"]
[EventCountry "CAN"]
[SourceTitle "10 Days #756"]
[Source "ChessMix "]
[SourceDate "2024.04.20"]
[SourceVersion "1"]
[SourceVersionDate "2024.04.20"]
[SourceQuality "1"]

1. e4 c5 2. b3 b6 3. Bb2 Bb7 4. Nc3 e6 5. d4 cxd4 6. Qxd4 Nc6 7. Qd2 Nf6 8. O-O-O Bb4 9. f3 d5 10. a3 Bxc3 11. Bxc3 dxe4 12. Qg5 Nd7 13. Qxg7 Rf8 14. fxe4 Qh4 15. Nf3 Qf4+ 16. Kb2 O-O-O 17. Qg5 Qc7 18. Qe3 Nc5 19. Be2 Ne7 20. Ng5 h6 21. Rxd8+ Qxd8 22. Rd1 Qc7 23. Nf3 Bxe4 24. Be5 Qc6 25. Nd4 Qd5 26. Bf6 Nf5 27. Nxf5 Qxf5 28. Qxh6 Rg8 29. g4 Qf2 30. Rd2 Bg6 31. Bd4 Qe1 32. Bxc5 bxc5 33. Qe3 Kb8 34. Qe5+ Kc8 35. Qxc5+ Kb8 36. Qd6+ Kc8 37. Ba6# 1-0

[Event "Candidates Blitz"]
[Site "Toronto CAN"]
[Date "2024.04.08"]
[Round "9.3"]
[White "Golubka, Petro"]
[Black "Knox, Christopher"]
[Result "1/2-1/2"]
[WhiteElo "2398"]
[BlackElo "2187"]
[WhiteFideId "-1"]
[BlackFideId "-1"]
[PlyCount "48"]
[GameId "2160767906006079"]
[EventDate "2024.04.08"]
[EventType "swiss (blitz)"]
[EventRounds "9"]
[EventCountry "CAN"]
[SourceTitle "10 Days #756"]
[Source "ChessMix "]
[SourceDate "2024.04.20"]
[SourceVersion "1"]
[SourceVersionDate "2024.04.20"]
[SourceQuality "1"]

1. e4 c5 2. b3 Nf6 3. e5 Nd5 4. Bb2 Nc6 5. Bc4 Nb6 6. Bb5 g6 7. e6 f6 8. Ne2 a6 9. exd7+ Bxd7 10. Bxc6 Bxc6 11. O-O e5 12. d3 Bd6 13. Nd2 O-O 14. Ne4 Be7 15. c4 f5 16. N4c3 Qd6 17. Qc2 Rad8 18. Rad1 Bf6 19. Bc1 Rfe8 20. f3 Nd7 21. Be3 Nf8 22. Rfe1 Ne6 23. Bf2 Nd4 24. Nxd4 cxd4 1/2-1/2

[Event "Aurora Spring op"]
[Site "Newmarket CAN"]
[Date "2024.03.23"]
[Round "1.3"]
[White "Golubka, Petro"]
[Black "Xu, Ryan (Zhuoyuan)"]
[Result "1-0"]
[WhiteElo "2417"]
[BlackElo "1757"]
[WhiteFideId "-1"]
[BlackFideId "-1"]
[PlyCount "89"]
[GameId "2160767906043937"]
[EventDate "2024.03.23"]
[EventType "swiss"]
[EventRounds "5"]
[EventCountry "CAN"]

1. e4 c5 2. b3 d6 3. Bb2 Nf6 4. Bb5+ Bd7 5. Qe2 a6 6. Bxd7+ Nbxd7 7. f4 e5 8. Nh3 Qc7 9. Nc3 Be7 10. g4 h6 11. O-O-O Nf8 12. fxe5 dxe5 13. Nd5 Nxd5 14. exd5 f6 15. Nf2 O-O-O 16. c4 Ng6 17. Nd3 Bd6 18. h4 Kb8 19. h5 Nf4 20. Nxf4 exf4 21. Rhe1 Qc8 22. Qe6 Rhe8 23. Qf5 Qxf5 24. gxf5 Be5 25. Rg1 Rd7 26. Rde1 Bxb2+ 27. Kxb2 Re5 28. Rxe5 fxe5 29. Re1 Rf7 30. Rxe5 f3 31. Re1 Rxf5 32. Rf1 Kc7 33. Kc3 Kd6 34. Kd3 f2 35. Ke3 Rxh5 36. Rxf2 Rg5 37. d4 b6 38. Rf7 Rg6 39. Kf4 Rg2 40. Rb7 cxd4 41. Rxb6+ Kc7 42. c5 d3 43. d6+ Kd7 44. Rb7+ Kd8 45. c6 1-0

[Event "Aurora Spring op"]
[Site "Newmarket CAN"]
[Date "2024.03.23"]
[Round "2.3"]
[White "Li, Adam"]
[Black "Golubka, Petro"]
[Result "0-1"]
[WhiteElo "1838"]
[BlackElo "2417"]
[WhiteFideId "-1"]
[BlackFideId "-1"]
[PlyCount "76"]
[GameId "2160767906043946"]
[EventDate "2024.03.23"]
[EventType "swiss"]
[EventRounds "5"]
[EventCountry "CAN"]

1. e4 e6 2. d4 d5 3. Nd2 Nc6 4. Ngf3 Nf6 5. e5 Nd7 6. c3 f6 7. exf6 Qxf6 8. Be2 Bd6 9. Nf1 e5 10. dxe5 Ncxe5 11. Nxe5 Nxe5 12. Be3 Be6 13. Qd2 h6 14. Ng3 O-O-O 15. O-O Kb8 16. a4 Qf7 17. a5 h5 18. Bg5 h4 19. Nh5 h3 20. Nf4 hxg2 21. Kxg2 Ng6 22. Nh5 Qf5 23. f4 Nh4+ 24. Kf2 Bc5+ 25. Ke1 Ng2+ 26. Kd1 Ne3+ 27. Kc1 Nxf1 28. Bxf1 Rxh5 29. Bxd8 Qf8 30. Bg5 Rxg5 31. fxg5 Qxf1+ 32. Qd1 Be3+ 33. Kc2 Bf5+ 34. Kb3 Qc4+ 35. Ka3 Bc5+ 36. b4 Qxc3+ 37. Ka4 Bd7+ 38. b5 Qc4# 0-1

[Event "Aurora Spring op"]
[Site "Newmarket CAN"]
[Date "2024.03.23"]
[Round "3.2"]
[White "Golubka, Petro"]
[Black "Kang, Dorian"]
[Result "1/2-1/2"]
[WhiteElo "2417"]
[BlackElo "2102"]
[WhiteFideId "-1"]
[BlackFideId "-1"]
[PlyCount "65"]
[GameId "2160767906043954"]
[EventDate "2024.03.23"]
[EventType "swiss"]
[EventRounds "5"]
[EventCountry "CAN"]

1. e4 c5 2. b3 Nc6 3. Bb2 d6 4. Bb5 Bd7 5. f4 e6 6. Nf3 Nf6 7. Qe2 a6 8. Bxc6 Bxc6 9. Nc3 Qc7 10. a4 d5 11. e5 Nd7 12. d4 Qa5 13. O-O Be7 14. Nd1 b5 15. axb5 Qxb5 16. Qd2 a5 17. Ne3 O-O 18. Ba3 a4 19. c4 Qa5 20. cxd5 Qxd2 21. Nxd2 Bxd5 22. Nxd5 exd5 23. Rfc1 Rfc8 24. bxa4 g5 25. Nb3 Rxa4 26. f5 Rca8 27. Bxc5 Rxa1 28. Nxa1 Bxc5 29. dxc5 Nxe5 30. Nb3 Nc6 31. Rd1 Rd8 32. f6 h6 33. Nd4 1/2-1/2

[Event "Aurora Spring op"]
[Site "Newmarket CAN"]
[Date "2024.03.24"]
[Round "5.2"]
[White "Golubka, Petro"]
[Black "Zhong, April Yunwei"]
[Result "1-0"]
[WhiteElo "2417"]
[BlackElo "1841"]
[WhiteFideId "-1"]
[BlackFideId "-1"]
[PlyCount "63"]
[GameId "2160767906043970"]
[EventDate "2024.03.23"]
[EventType "swiss"]
[EventRounds "5"]
[EventCountry "CAN"]

1. e4 e6 2. d4 d5 3. e5 c5 4. c3 Nc6 5. Nf3 Bd7 6. Be2 Nge7 7. O-O Ng6 8. g3 f6 9. exf6 gxf6 10. Be3 b6 11. c4 cxd4 12. Nxd4 Nxd4 13. Qxd4 Bc6 14. Rd1 e5 15. Qg4 Bd7 16. Qh5 d4 17. Bd3 Bg7 18. Bh6 Bxh6 19. Qxh6 f5 20. Nd2 Qc7 21. c5 bxc5 22. Rac1 e4 23. Bxe4 fxe4 24. Nxe4 Rc8 25. b4 Qe5 26. Nxc5 Rxc5 27. Rxc5 Qe4 28. f3 Qxf3 29. Re1+ Kf7 30. Rf1 Bg4 31. Rxf3+ Bxf3 32. Rf5+ 1-0

[Event "Bad Woerishofen op-A"]
[Site "Bad Woerishofen GER"]
[Date "2024.03.09"]
[Round "2.11"]
[White "Golubka, Petro"]
[Black "Kuipers, Dustin"]
[Result "1-0"]
[WhiteElo "2417"]
[BlackElo "2084"]
[WhiteFideId "-1"]
[BlackFideId "-1"]
[PlyCount "35"]
[GameId "2130307546722144"]
[EventDate "2024.03.08"]
[EventType "swiss"]
[EventRounds "9"]
[EventCountry "GER"]
[SourceTitle "10 Days #753"]
[Source "ChessMix "]
[SourceDate "2024.03.20"]
[SourceVersion "1"]
[SourceVersionDate "2024.03.20"]
[SourceQuality "1"]

1. e4 c5 2. b3 Nf6 3. e5 Nd5 4. Bb2 Nc6 5. Bc4 Nb6 6. Bb5 d5 7. exd6 Qxd6 8. d4 cxd4 9. Qxd4 Qe6+ 10. Ne2 Bd7 11. Qf4 Rc8 12. O-O Qf5 13. Bxc6 bxc6 14. c4 Rg8 15. Qe3 e6 16. Ng3 Qc2 17. Bc3 Qg6 18. Nd2 1-0